[Event "IECG CP.2001.Q.00014 email"]
[Site "IECG email"]
[Date "2002.10.01"]
[Round "?"]
[White "Blaisot, Alain"]
[Black "Schreiter, Thomas"]
[Result "1-0"]
[WhiteElo "1850"]
[BlackElo "1427"]
[PlyCount "59"]
[EventDate "2002.10.01"]
[EventType "tourn (corr)"]
[EventRounds "6"]
[EventCountry "ROU"]
[SourceTitle "Corr 2008"]
[Source "ChessBase"]
[SourceDate "2008.06.24"]
[SourceVersion "1"]
[SourceVersionDate "2008.06.24"]
[SourceQuality "1"]

1. e4 e6 2. d4 d5 3. Nc3 Bb4 4. e5 c5 5. a3 Ba5 6. b4 cxd4 7. Qg4 Kf8 8. Nb5 Bb6 9. Bb2 Nh6 10. Qf4 Nc6 11. Nf3 Nf5 12. Bd3 h6 13. Bxf5 g5 14. Qd2 exf5 15. Nbxd4 Qe8 16. Nxc6 bxc6 17. 0-0 Rg8 18. Rfe1 Rg6 19. a4 Re6 20. a5 Bc7 21. Nd4 Rg6 22. Qc3 a6 23. Re2 f4 24. Rae1 g4 25. e6 fxe6 26. Nxc6 Kf7 27. Ne5+ Bxe5 28. Rxe5 Bd7 29. Qd4 f3 30. c4 1-0

[Event "IECG CP.2001.P.00082"]
[Site "IECG email"]
[Date "2001.10.01"]
[Round "?"]
[White "Petters, Paul"]
[Black "Blaisot, Alain"]
[Result "0-1"]
[WhiteElo "1347"]
[BlackElo "1850"]
[PlyCount "98"]
[EventDate "2001.10.01"]
[EventType "tourn (corr)"]
[EventRounds "6"]
[SourceTitle "Corr 2008"]
[Source "ChessBase"]
[SourceDate "2008.06.24"]
[SourceVersion "1"]
[SourceVersionDate "2008.06.24"]
[SourceQuality "1"]

1. d4 Nf6 2. c4 g6 3. Nc3 d5 4. cxd5 Nxd5 5. e4 Nxc3 6. bxc3 Bg7 7. Nf3 c5 8. Bb5+ Nc6 9. 0-0 cxd4 10. cxd4 0-0 11. Be3 Bg4 12. Bxc6 bxc6 13. Rc1 Qa5 14. Qd2 Qxd2 15. Nxd2 Rfd8 16. f3 Be6 17. Nb3 Bxb3 18. axb3 Rab8 19. Rxc6 Rxb3 20. Kf2 Rb2+ 21. Kg3 Re2 22. Bg1 Bxd4 23. Bxd4 Rxd4 24. Ra1 Rdd2 25. Kf4 Rxg2 26. Rxa7 Rd3 27. Rxe7 Rf2 28. e5 Rdxf3+ 29. Ke4 Rf4+ 30. Ke3 R2f3+ 31. Ke2 Rh3 32. Rcc7 Rxh2+ 33. Ke3 Rhf2 34. e6 R4f3+ 35. Kd4 Rf6 36. Re8+ Kg7 37. e7 Re6 38. Rb8 Rd2+ 39. Kc3 Rde2 40. Rbb7 h5 41. e8Q Rxe8 42. Rxf7+ Kh6 43. Rh7+ Kg5 44. Rb5+ Kg4 45. Rg7 R8e6 46. Rb1 h4 47. Rg1+ Kh3 48. R1xg6 Rxg6 49. Rxg6 Rg2 0-1

[Event "IECC Y2KO email"]
[Site "IECC email"]
[Date "2001.09.24"]
[Round "?"]
[White "Blaisot, Alain"]
[Black "Sauberli, Guy"]
[Result "0-1"]
[WhiteElo "1865"]
[BlackElo "2186"]
[PlyCount "124"]
[EventDate "2001.??.??"]
[EventType "tourn (corr)"]
[EventRounds "6"]
[SourceTitle "Corr 2008"]
[Source "ChessBase"]
[SourceDate "2008.06.24"]
[SourceVersion "1"]
[SourceVersionDate "2008.06.24"]
[SourceQuality "1"]

1. e4 e6 2. d4 d5 3. Nc3 Bb4 4. e5 c5 5. a3 Bxc3+ 6. bxc3 Ne7 7. Nf3 Bd7 8. a4 Qa5 9. Bd2 Nbc6 10. Bb5 Qc7 11. 0-0 0-0 12. Re1 b6 13. Bd3 h6 14. Qc1 c4 15. Bf1 f6 16. Bf4 Ng6 17. Bg3 f5 18. h3 f4 19. Bh2 Na5 20. Be2 Bc6 21. Kh1 Qf7 22. Qa3 Nh8 23. Nd2 g5 24. Rg1 Qg6 25. Qc1 Rad8 26. Qd1 Kh7 27. Bh5 Qg7 28. Qe2 Be8 29. Bf3 Bg6 30. Ra2 Bf5 31. Bh5 Ng6 32. Rb2 Ne7 33. Nb1 Bg6 34. Bg4 Nf5 35. Nd2 Qe7 36. Ra2 Kg7 37. Re1 Rh8 38. Nf3 Rdf8 39. Rg1 h5 40. Bxf5 Rxf5 41. Nd2 g4 42. Qd1 Qg5 43. Ra1 g3 44. Nf3 gxh2 45. Nxg5 hxg1Q+ 46. Qxg1 Rxg5 47. Qc1 Rf8 48. Qd2 h4 49. Rg1 Nc6 50. Qc1 Ne7 51. Qa3 Rf7 52. Qc1 Kg8 53. Kh2 Bh5 54. Qd2 Rg6 55. Qc1 f3 56. gxf3 Bxf3 57. Qh6 Rfg7 58. Rxg6 Rxg6 59. Qf4 Bg2 60. Kg1 Nf5 61. Qc1 Bxh3+ 62. Kh2 Bg2 0-1

[Event "IECC Y2KO email"]
[Site "IECC email"]
[Date "2001.09.24"]
[Round "?"]
[White "Sauberli, Guy"]
[Black "Blaisot, Alain"]
[Result "1/2-1/2"]
[WhiteElo "2189"]
[BlackElo "1860"]
[PlyCount "93"]
[EventDate "2001.??.??"]
[EventType "tourn (corr)"]
[EventRounds "6"]
[SourceTitle "Corr 2008"]
[Source "ChessBase"]
[SourceDate "2008.06.24"]
[SourceVersion "1"]
[SourceVersionDate "2008.06.24"]
[SourceQuality "1"]

1. c4 Nf6 2. Nc3 d5 3. cxd5 Nxd5 4. Nf3 g6 5. Qa4+ Bd7 6. Qh4 Nxc3 7. dxc3 Nc6 8. e4 e5 9. Qg3 f6 10. Be3 Qe7 11. Nd2 a6 12. Bc4 Be6 13. 0-0 Qf7 14. b3 Bg7 15. Bc5 Bf8 16. Bxf8 Rxf8 17. Rad1 0-0-0 18. Bxe6+ Qxe6 19. Nc4 Rxd1 20. Rxd1 Rd8 21. Rxd8+ Nxd8 22. Ne3 c6 23. Qg4 Kd7 24. Qh4 h5 25. Qg3 Qe8 26. Qf3 Ke7 27. Kf1 Qd7 28. Ke1 Ne6 29. Qd1 Qxd1+ 30. Kxd1 b6 31. Kd2 Nc5 32. f3 Ke6 33. b4 Nd7 34. h4 f5 35. Nc4 f4 36. a3 Ke7 37. Ke2 b5 38. Na5 Kd6 39. Kd3 Kc7 40. c4 Nf8 41. Nb3 Ne6 42. Kc3 Kd6 43. Nc1 Ke7 44. Nd3 Kf6 45. cxb5 axb5 46. Nc5 Ke7 47. Nxe6 1/2-1/2

[Event "IECC Y2KO email"]
[Site "IECC email"]
[Date "2000.10.26"]
[Round "?"]
[White "Benatar, Eric"]
[Black "Blaisot, Alain"]
[Result "1/2-1/2"]
[WhiteElo "2272"]
[BlackElo "1838"]
[PlyCount "105"]
[EventDate "2000.??.??"]
[EventType "tourn (corr)"]
[EventRounds "2"]
[SourceTitle "Corr 2008"]
[Source "ChessBase"]
[SourceDate "2008.06.24"]
[SourceVersion "1"]
[SourceVersionDate "2008.06.24"]
[SourceQuality "1"]

1. d4 Nf6 2. c4 g6 3. Nc3 d5 4. cxd5 Nxd5 5. e4 Nxc3 6. bxc3 Bg7 7. Nf3 c5 8. Rb1 0-0 9. Be2 cxd4 10. cxd4 Qa5+ 11. Qd2 Qxd2+ 12. Bxd2 Rd8 13. Rc1 e6 14. Bg5 f6 15. Be3 Nc6 16. h4 f5 17. e5 h6 18. a3 Bf8 19. a4 Nb4 20. Bc4 Nd5 21. Bd2 b6 22. Rg1 Bb7 23. g4 f4 24. g5 h5 25. Ke2 Rac8 26. Bd3 Kg7 27. a5 Bb4 28. Rxc8 Rxc8 29. axb6 axb6 30. Ra1 Ba5 31. Bxa5 bxa5 32. Kd2 Nb4 33. Ng1 Rd8 34. Ne2 Nxd3 35. Kxd3 Ba6+ 36. Kd2 Bxe2 37. Kxe2 Rxd4 38. Rxa5 f3+ 39. Kxf3 Rxh4 40. Ra7+ Kf8 41. Ke3 Rb4 42. Ra8+ Kf7 43. f3 Rb3+ 44. Kf2 Rb2+ 45. Kg3 Rb3 46. Ra4 Rb5 47. Kf4 Rb2 48. Kg3 Rb5 49. Re4 Kg7 50. Re3 Ra5 51. f4 Ra4 52. Rc3 Rb4 53. Rc7+ 1/2-1/2